000
00299nam a22001337a 4500
008
170307b xxu||||| |||| 00| 0 eng d
020
_a
30030000173725
041
_a
eng
080
_a
611
100
_a
6
101
_a
SHM
245
_a
MAYO CLINIC FAMILY HEALTH BOOK
_c
LARSON, D.E
942
_2
udc
_c
BK
999
_c
7023
_d
7023